000 00527nam a2200181Ia 4500
005 20250508161728.0
008 008 250505s9999 xx 000 0 eng d
037 _aReference
040 _aFEDL
_beng
_cFEDL
041 _aeng
_2eng
084 _a371.3, WAS
_qFEDL
100 _aWashburne Carleton
245 0 _aWhat is progressive education? A book for parents and others
260 _aNew York, USA
_bThe John Day Company
_c1952
300 _a155p.
942 _cREF
_h371.3, WAS
999 _c1371768
_d1371768